Loading...
| Literature - European | 0 | 10 | 0 | 1 | 100 | 49 | 86.60 | 3 | 10 | 0.00 | 0.00 |
| Fine Arts - Classical Music | 0 | 9 | 0 | 1 | 90 | 38 | 84.00 | 3 | 9 | 0.00 | 0.00 |
| Literature - World | 0 | 8 | 0 | 0 | 80 | 14 | 69.13 | 4 | 8 | 0.00 | 0.00 |
| Literature - British | 0 | 7 | 0 | 0 | 70 | 50 | 87.43 | 5 | 7 | 0.00 | 0.00 |
| Mythology | 0 | 6 | 1 | 0 | 55 | 31 | 79.83 | 5 | 6 | 0.00 | 0.00 |
| Religion | 0 | 5 | 0 | 0 | 50 | 80 | 117.60 | 2 | 5 | 0.00 | 0.00 |
| Literature - American | 0 | 4 | 0 | 0 | 40 | 19 | 58.00 | 3 | 4 | 0.00 | 0.00 |
| Fine Arts - Painting and Sculpture | 0 | 4 | 1 | 0 | 35 | 71 | 79.00 | 2 | 4 | 0.00 | 0.00 |
| Fine Arts - Other | 0 | 3 | 1 | 0 | 25 | 113 | 122.00 | 0 | 3 | 0.00 | 0.00 |
| Social Science | 0 | 2 | 0 | 0 | 20 | 88 | 92.50 | 0 | 2 | 0.00 | 0.00 |
| Other Academic | 0 | 2 | 0 | 1 | 20 | 66 | 101.00 | 1 | 2 | 0.00 | 0.00 |
| Philosophy | 0 | 2 | 0 | 0 | 20 | 15 | 52.50 | 1 | 2 | 0.00 | 0.00 |
| Science - Other | 0 | 2 | 0 | 0 | 20 | 44 | 62.00 | 1 | 2 | 0.00 | 0.00 |
| Pop Culture | 0 | 1 | 0 | 1 | 10 | 140 | 140.00 | 0 | 1 | 0.00 | 0.00 |
| Geography | 0 | 1 | 0 | 0 | 10 | 59 | 59.00 | 1 | 1 | 0.00 | 0.00 |
| History - European | 0 | 1 | 0 | 0 | 10 | 25 | 25.00 | 1 | 1 | 0.00 | 0.00 |
| History - American | 0 | 1 | 0 | 0 | 10 | 77 | 77.00 | 1 | 1 | 0.00 | 0.00 |
| Science - Biology | 0 | 1 | 0 | 1 | 10 | 122 | 122.00 | 0 | 1 | 0.00 | 0.00 |
| History - Other | 0 | 0 | 1 | 0 | -5 | 0.00 | 0 | 0 | 0.00 | 0.00 |